|
|
|
|
| LEADER |
00000nam0a2200000 4500 |
| 001 |
52158 |
| 005 |
20231031041248.0 |
| 010 |
|
|
|a 5318005543
|
| 035 |
|
|
|a (RuTPU)RU\TPU\book\54634
|
| 090 |
|
|
|a 52158
|
| 100 |
|
|
|a 20030523d2003 km y0rusy50 ca
|
| 101 |
1 |
|
|a rus
|c eng
|
| 102 |
|
|
|a RU
|
| 105 |
|
|
|a a z 001zy
|
| 200 |
1 |
|
|a Теории личности: познание человека
|e пер. с англ.
|f С. Клонингер
|
| 205 |
|
|
|a 3-е изд.
|
| 210 |
|
|
|a СПб.
|c Питер
|d 2003
|
| 215 |
|
|
|a 720 с.
|c ил.
|
| 225 |
1 |
|
|a Мастера психологии
|
| 320 |
|
|
|a Библиогр.: с. 590-703
|
| 320 |
|
|
|a Алф. указ.: с. 703-718
|
| 610 |
1 |
|
|a психология
|
| 610 |
1 |
|
|a личность
|
| 610 |
1 |
|
|a теория
|
| 610 |
1 |
|
|a психоанализ
|
| 610 |
1 |
|
|a аналитическая психология
|
| 610 |
1 |
|
|a индивидуальная психология
|
| 610 |
1 |
|
|a психосоциальное развитие
|
| 610 |
1 |
|
|a черты личности
|
| 610 |
1 |
|
|a бихевиоризм
|
| 610 |
1 |
|
|a теория научения
|
| 610 |
1 |
|
|a когнитивное социальное научение
|
| 610 |
1 |
|
|a гуманистическая психология
|
| 686 |
|
|
|a Ю937
|v LBC/SL-A
|2 rubbk
|
| 700 |
|
1 |
|a Клонингер
|b С.
|g Сьюзен
|
| 801 |
|
1 |
|a RU
|b 63413507
|c 20030523
|g PSBO
|
| 801 |
|
2 |
|a RU
|b 63413507
|c 20120316
|g PSBO
|
| 900 |
|
|
|a Человек и его потребности
|
| 942 |
|
|
|c BK
|